Vývoj počtu pridelených štátnych občianstiev imigrantom na Slovensku a v EU, meranie a analýza bakalárska práca

Saved in:
Bibliographic Details
Main Author: Fodorová, Marcela
Corporate Author: Fakulta hospodárskej informatiky EU. Katedra štatistiky
Other Authors: Gavuliak, Roman
Format: Book
Language:Slovak
Published: Bratislava 2011
Tags: Add Tag
No Tags, Be the first to tag this record!

MARC

LEADER 00000nbm a2200000 4500
001 0141100
005 20161109111734.3
041 0 |a slo 
044 |a SK 
245 1 0 |a Vývoj počtu pridelených štátnych občianstiev imigrantom na Slovensku a v EU, meranie a analýza  |b bakalárska práca  |c Marcela Fodorová ; školiteľ: Roman Gavuliak 
264 1 |a Bratislava  |c 2011 
300 |a 40 s. 
100 1 |a Fodorová, Marcela 
700 1 |a Gavuliak, Roman 
710 2 |a Fakulta hospodárskej informatiky EU. Katedra štatistiky